Енеїда модерна, альбо дивні пригоди ченця Григорія Чудотворця який на Україні що-300 літ воскресає. (Запис № 17297)
[ простий вигляд ]
| 000 -Маркер запису | |
|---|---|
| Контрольне поле сталої довжини | 01831nam a22002537a 4500 |
| 003 - Належність контрольного номера | |
| Контрольне поле | Uzh_bibl |
| 008 - Кодовані дані | |
| Контрольне поле сталої довжини | 260409b |||||||| |||| 00| 0 ukr d |
| 020 ## - Індекс ISBN | |
| ISBN | 966-7060-20-9 |
| Ціна | 1.00 |
| 040 ## - Джерело каталогіз. | |
| Служба первин.кат. | укр. |
| 041 ## - Код мови видання | |
| Код мови оригіналу | українська |
| Код мови тексту | українська |
| 080 ## - Індекс УДК | |
| Індекс УДК | 821(477) |
| 090 ## - Шифри | |
| Поличний індекс | 821(477) |
| Авторський знак | П 52 |
| 100 ## - Автор | |
| Автор | Полтава, Леонід |
| 245 ## - Назва | |
| Назва | Енеїда модерна, альбо дивні пригоди ченця Григорія Чудотворця який на Україні що-300 літ воскресає. |
| Фізичний носій | Текст |
| Відповідальність | Відпов. за випуск В. Бойко; Худож. А. Сологуб |
| 260 ## - Вихідні дані | |
| Місце видання | Київ |
| Видавництво | Українська Видавнича Спілка |
| Дата видання | 2002 |
| 300 ## - Фізичний опис | |
| Обсяг | 162 с. |
| 520 ## - Анотація | |
| Анотація | Твір є модерною інтерпретацією традиційної “Енеїди”, у якій через образ ченця Григорія Чудотворця автор осмислює історію України. Герой, що періодично повертається до життя, стає свідком різних епох і подій, що дає змогу порівняти минуле й сучасність. Поема поєднує гумор, сатиру й глибокі роздуми про долю народу. |
| 521 ## - Примітка про цільове призначення | |
| Примітка про цільове призначення | Для широкого кола читачів |
| 546 ## - Примітка про мову | |
| Примітка про мову | укр. |
| 650 ## - Тематичні рубрики | |
| Основна рубрика | Літературно-художнє видання |
| Хронологічна підрубрика | Від давнини до сучасності авторові |
| Географічна підрубрика | Події відбуваються в Україні |
| 653 ## - Ключові слова | |
| Ключові слова | Україна |
| -- | Історія |
| -- | Сатира |
| -- | Воскресіння |
| -- | Пригоди |
| 655 ## - Термін індексування — жанр/форма | |
| Жанр/форма | Поема-епопея, сатирично-філософська поема |
| Типове ділення | Поема-епопея |
| 942 ## - ADDED ENTRY ELEMENTS (KOHA) | |
| Джерело класифікації чи схема поличного розташування | |
| Koha item type | Книги |
| Статус вилучення | Статус втрати/відсутності | Джерело класифікації чи схема поличного розташування | Статус пошкодження | Тип обігу (не для випозичання) | Постійне розташування | Поточне розташування | Розташування у відділі | Дата надходження | Інвентарний номер | Total Checkouts | Повний (примірниковий) шифр зберігання | Штрих-код | Date last seen | Дата, для якої чинна ціна заміни | Тип одиниці (рівень примірника) |
|---|---|---|---|---|---|---|---|---|---|---|---|---|---|---|---|
| Публічна бібліотека | Публічна бібліотека | Абонемент | 09/04/2026 | 52949 | 821(477) | 20144 | 09/04/2026 | 09/04/2026 | Книги |